Biblioteca

Intercesión : (Registro nro. 44838)

Detalles MARC
000 -LÍDER
Campo fijo de descripción fija 01853aam a2200337 i 4500
001 - NÚMERO DE CONTROL
Campo de control 768714001
003 - IDENTIFICADOR DEL NÚMERO DE CONTROL
Campo de control CO-MdFUSB
005 - FECHA Y HORA DE LA ULTIMA TRANSACCIÓN
control field 20250519154952.0
007 - CAMPO FIJO DE DESCRIPCIÓN FIJA--INFORMACIÓN GENERAL
Campo fijo de descripción fija ta
008 - ELEMENTOS DE LONGITUD FIJA -- INFORMACIÓN GENERAL
Campo fijo de descripción fija -- Información general 250519t1999 -us |||| |||| 00| 0 spa d
020 ## - NÚMERO INTERNACIONAL NORMALIZADO PARA LIBROS
Número Internacional Normalizado del libro 1-886930-06-6
040 ## - FUENTE DE CATALOGACIÓN
Agencia que realiza la transcripción CO-MdFUSB
041 0# - CÓDIGO DE IDIOMA
Código de idioma para texto/pista de sonido o título separado spa
Código de idioma original eng
082 04 - NÚMERO DE CLASIFICACIÓN DECIMAL DEWEY
Número de la edición del Dewey 23
Número de clasificación 248.32
Clave de autor-Numero de item D2721i
100 1# - ASIENTO PRINCIPAL--NOMBRE PERSONAL
Nombre personal Dawson, Joy.
Término relacionador autor
240 ## - TITULO UNIFORME
Título uniforme <a href="Intercession, Thrilling and Fulfilling">Intercession, Thrilling and Fulfilling</a>
245 10 - TÍTULO
Título del Material Intercesión :
Parte restante del título - Subtitulo un ministerio emocionante y pleno
Mención de responsabilidad, etc. / Joy Dawson ; traducido por Elsie R. Romanenghi de Powell
264 #1 - PRODUCCIÓN, PUBLICACIÓN, DISTRIBUCIÓN, MANUFACTURA, Y COPYRIGHT
Nombre del productor, publicador, distribuidor Libertador,
Lugar de producción, publicación, distribución, manufactura Minnesota, EE.UU :
Fecha de producción, publicación, distribución, manufactura, o copyright [1999]
264 #4 - PRODUCCIÓN, PUBLICACIÓN, DISTRIBUCIÓN, MANUFACTURA, Y COPYRIGHT
Fecha de producción, publicación, distribución, manufactura, o copyright ©1999
300 ## - DESCRIPCIÓN FÍSICA
Extensión 248 páginas
336 ## - TIPO DE CONTENIDO
Término de tipo de contenido texto
Código de tipo de contenido txt
Fuente rdacontent
337 ## - TIPO DE MEDIO
Fuente rdamedia
Nombre del tipo de medio sin mediación
Código del tipo de medio n
338 ## - TIPO DE SOPORTE
Fuente rdacarrier
Nombre del tipo de soporte volumen
Código Tipo de soporte nc
501 ## - NOTA DE “CON”
Nota de Contenido rústico
505 ## - NOTA DE CONTENIDO
Nota de contenido con formato preestablecido Prólogo -- Aventura y amistad con Dios -- Revelación durante la intercesión -- Orando por nuestros amigos -- Cómo orar por un familiar que está lejos de Dios -- ¿Hasta dónde llegaremos? -- Orando por esta generación de jóvenes y niños que sufren -- Cómo actúa la intercesión -- ¿Cuán grande es tu visión? -- Estrategias de oración por las naciones -- Cómo orar por los líderes espirituales -- Orando por los líderes que tienen autoridad e influencia -- Cómo orar por los no evangelizados del mundo -- El desafío de Satanás al cuerpo de Cristo -- Guerra espiritual -- Evitando los obstáculos en la intercesión -- La diversidad de los caminos de Dios en la intercesión -- ¿Está usted listo? -- Características de la oración para un avivamiento -- Dónde comenzar y cómo continuar -- El intercesor fundamental
563 ## - NOTA DE ENCUADERNACIÓN
Nota de encuadernación rústico
650 14 - ASIENTO SECUNDARIO DE MATERIA - TERMINO TEMÁTICO
Término temático o nombre geográfico como elemento de entrada Oración \ Intercesión \ Oración - cristianismo
700 ## - ASIENTO SECUNDARIO - NOMBRE PERSONAL
Nombre personal Powell, Elsie R. Romanenghi de.,
9 (RLIN) 11524
Responsabilidad traductor
942 ## - TIPO DE MATERIAL (KOHA)
Tipo de Item KOHA Libros General
945 ## - INFORMACIÓN LOCAL DEL REGISTRO
Catalogador JTF-925
Existencias
Estado de Material Estado de Perdido Estado de Dañado No para Préstamo Colección Tomo Biblioteca de Origen Biblioteca Permanente Fecha de Adquisición Total de Préstamos Total de Renovaciones Signatura Topográfica Código de Barras Última vez visto Última vez Préstado Ejemplar/Existencia Fecha de Remplazo Tipo de Material
        Colección General   Biblioteca FUSBC Biblioteca FUSBC 04/06/2014 2 2 G 248.32 D2721i 18393 12/12/2019 03/10/2019 Ej. 1 26/01/2016 Libros General

Biblioteca FUSBC | Teléfono: (57+4) 349 88 10 Ext. 141| WhatsApp (+57) 3005338115 
E-mail: biblioteca@unisbc.edu.co | Calle 76 87-14 Robledo Palenque, Medellín, Colombia

Con tecnología Koha